| 000 | 00882nam a2200265Ia 4500 | ||
|---|---|---|---|
| 003 | OSt | ||
| 005 | 20220918110028.0 | ||
| 006 | a|||||r|||| 00| 0 | ||
| 007 | ta | ||
| 008 | 220915b |||||||| |||| 00| 0 eng d | ||
| 020 |
_a9780415571135 (pbk) _c3526.19 |
||
| 024 | _a274345 | ||
| 037 |
_b34161, 22/02/2012, Segment Book Distributors _cReference Collections |
||
| 040 |
_aARTS _cARTS _beng |
||
| 041 |
_2eng _aeng |
||
| 082 | _aO28k, N8(RR) | ||
| 100 |
_aMeisami Julie Scott Ed. _95412 |
||
| 245 | 0 | _aRoutledge encyclopedia of Arabic literature | |
| 260 |
_aLondon _bRoutledge UK _c2010 |
||
| 300 | _axvii,857p. | ||
| 650 | _aARABIC LITERATURE | ||
| 700 |
_a Starkey Paul Ed. _95413 |
||
| 942 |
_hO28k, N8(RR) _cREF |
||
| 999 |
_c110790 _d110790 |
||